000
00320nam a22001337a 4500
008
170516b xxu||||| |||| 00| 0 eng d
020
_a
9780465037285
041
_a
eng
080
_a
94 100
100
_a
16
101
_a
SHH
245
_a
WORLD ON FIRE THE UNFINISHED STORY OF YIDISH
_c
KATZ.D
942
_2
udc
_c
BK
999
_c
13348
_d
13348